000 00226nam a2200097Ia 4500
008 190216s9999||||xx |||||||||||||| ||und||
100 _aNissim Ezekiel-Arthur Miller
245 0 _aAll My Sons
260 _bMacmillan
942 _cBK
999 _c12607
_d12607